Datum a čas kvízu
13
Celkem bodů
Celkový počet nahraných bodů na tomto kvízu bez doplňovacích otázek.
4.
Pořadí na kvízu
Konečné umístění týmu na tomto kvízu.
Zaznamenané odpovědi
| # | Otázka | Odpověď | Body | Výsledky |
|---|---|---|---|---|
| 1. | Zástupci Rady řemeslných cechů... | 1 | ||
| 2. | Sopka Sinabung s nadmořskou vý... | 0 | ||
| 3. | Vražda na předpis. Tak se jmen... | 1 | ||
| 4. | Síť fastfoodů KFC musela ve Ve... | 0 | ||
| 5. | V utkání druhé německé fotbalo... | 0 | ||
| 6. | Jistě se mezi Vámi najde mnoho... | 1 | ||
| 7. | Vodák, který jede na lodi vzad... | 1 | ||
| 8. | Místo, kde říční voda viditeln... | 1 | ||
| 9. | Kterým slovem na Š nazývají ka... | 0 | ||
| 10. | Kanoistům se mezi vrcholovými... | 0 |